<?xml version="1.0" encoding="UTF-8"?>
<record
    xmlns:xsi="http://www.w3.org/2001/XMLSchema-instance"
    xsi:schemaLocation="http://www.loc.gov/MARC21/slim http://www.loc.gov/standards/marcxml/schema/MARC21slim.xsd"
    xmlns="http://www.loc.gov/MARC21/slim">

  <leader>02387cam a2200349 a 4500</leader>
  <controlfield tag="003">EG-GiCUC</controlfield>
  <controlfield tag="005">20250223032912.0</controlfield>
  <controlfield tag="008">220115s2021    ua dh  f m    000 0 eng d</controlfield>
  <datafield tag="040" ind1=" " ind2=" ">
    <subfield code="a">EG-GiCUC</subfield>
    <subfield code="b">eng</subfield>
    <subfield code="c">EG-GiCUC</subfield>
  </datafield>
  <datafield tag="041" ind1="0" ind2=" ">
    <subfield code="a">eng</subfield>
  </datafield>
  <datafield tag="049" ind1=" " ind2=" ">
    <subfield code="a">Deposite </subfield>
  </datafield>
  <datafield tag="097" ind1=" " ind2=" ">
    <subfield code="a">M.Sc</subfield>
  </datafield>
  <datafield tag="099" ind1=" " ind2=" ">
    <subfield code="a">Cai01.08.03.M.Sc.2021.Ma.A</subfield>
  </datafield>
  <datafield tag="100" ind1="0" ind2=" ">
    <subfield code="a">Manar Mohamed Mohamed Elhassan</subfield>
  </datafield>
  <datafield tag="245" ind1="1" ind2="0">
    <subfield code="a">Application of different analytical techniquesfor the determination of some antidiabetics / </subfield>
    <subfield code="c">Manar Mohamed Mohamed Elhassan ; Supervised Maha Abdelmonem Hegazy , Shereen Hassib , Amr Mahmoud Bekhet</subfield>
  </datafield>
  <datafield tag="246" ind1="1" ind2="5">
    <subfield code="a">&#x62A;&#x637;&#x628;&#x64A;&#x642; &#x62A;&#x642;&#x646;&#x64A;&#x627;&#x62A; &#x62A;&#x62D;&#x644;&#x64A;&#x644;&#x64A;&#x629; &#x645;&#x62E;&#x62A;&#x644;&#x641;&#x629; &#x644;&#x62A;&#x639;&#x64A;&#x64A;&#x646; &#x628;&#x639;&#x636; &#x627;&#x644;&#x623;&#x62F;&#x648;&#x64A;&#x629; &#x627;&#x644;&#x645;&#x636;&#x627;&#x62F;&#x629; &#x644;&#x62F;&#x627;&#x621; &#x627;&#x644;&#x633;&#x643;&#x631;&#x649;</subfield>
  </datafield>
  <datafield tag="260" ind1=" " ind2=" ">
    <subfield code="a">Cairo : </subfield>
    <subfield code="b">Manar Mohamed Mohamed Elhassan , </subfield>
    <subfield code="c">2021</subfield>
  </datafield>
  <datafield tag="300" ind1=" " ind2=" ">
    <subfield code="a">232 P. : </subfield>
    <subfield code="b">charts , facsimiles ; </subfield>
    <subfield code="c">25cm </subfield>
  </datafield>
  <datafield tag="502" ind1=" " ind2=" ">
    <subfield code="a">Thesis (M.Sc.) - Cairo University - Faculty of Pharmacy - Department of Analytical Chemistry</subfield>
  </datafield>
  <datafield tag="520" ind1=" " ind2=" ">
    <subfield code="a">This work is concerned with the determination of some antidiabetic agents of three different classes. Ipragliflozin, Ertugliflozin and Dapagliflozin were selected from the class of Sodium-Glucose cotransporter-II inhibitors. Sitagliptin and Saxagliptin were chosen from the class of dipeptidyl peptidase-IV inhibitors and Metformin was selected from the class of biguanides. The selected drugs have been analyzed using electrochemical, chromatographic and spectrophotometric methods.  First, electrochemical methods were employed for the analysis of Ipragliflozin and Sitagliptin. Ipragliflozin was determined using differential pulse voltammetry that depends on the oxidation of sulfur atom. The method was applied by scanning the potential over range of 0 to 2.8 V by using a scan rate of 10 mV/s versus the reference electrode Ag/Ag+ in non-aqueous medium while using glassy carbon electrode as an indicator electrode.The method was then successfully applied for the analysis of Ipragliflozin in spiked human plasma</subfield>
  </datafield>
  <datafield tag="530" ind1=" " ind2=" ">
    <subfield code="a">Issued also as CD</subfield>
  </datafield>
  <datafield tag="653" ind1=" " ind2="4">
    <subfield code="a">Dapagliflozin </subfield>
  </datafield>
  <datafield tag="653" ind1=" " ind2="4">
    <subfield code="a">Ertugliflozin </subfield>
  </datafield>
  <datafield tag="653" ind1=" " ind2="4">
    <subfield code="a">Ipragliflozin</subfield>
  </datafield>
  <datafield tag="700" ind1="0" ind2=" ">
    <subfield code="a">Amr Mahmoud Bekhet , </subfield>
    <subfield code="e">Supervisor</subfield>
  </datafield>
  <datafield tag="700" ind1="0" ind2=" ">
    <subfield code="a">Maha Abdelmonem Hegazy , </subfield>
    <subfield code="e">Supervisor</subfield>
  </datafield>
  <datafield tag="700" ind1="0" ind2=" ">
    <subfield code="a">Shereen Hassib , </subfield>
    <subfield code="e">Supervisor</subfield>
  </datafield>
  <datafield tag="856" ind1=" " ind2=" ">
    <subfield code="u">http://172.23.153.220/th.pdf</subfield>
  </datafield>
  <datafield tag="905" ind1=" " ind2=" ">
    <subfield code="a">Nazla</subfield>
    <subfield code="e">Revisor</subfield>
  </datafield>
  <datafield tag="905" ind1=" " ind2=" ">
    <subfield code="a">Shimaa</subfield>
    <subfield code="e">Cataloger</subfield>
  </datafield>
  <datafield tag="942" ind1=" " ind2=" ">
    <subfield code="2">ddc</subfield>
    <subfield code="c">TH</subfield>
  </datafield>
  <datafield tag="999" ind1=" " ind2=" ">
    <subfield code="c">83978</subfield>
    <subfield code="d">83978</subfield>
  </datafield>
  <datafield tag="952" ind1=" " ind2=" ">
    <subfield code="2">ddc</subfield>
    <subfield code="7">0</subfield>
    <subfield code="a">CUCL</subfield>
    <subfield code="b">cl210</subfield>
    <subfield code="d">2024-02-11</subfield>
    <subfield code="o">Cai01.08.03.M.Sc.2021.Ma.A</subfield>
    <subfield code="p">01010110085237000</subfield>
    <subfield code="r">2023-09-22 00:00:00</subfield>
    <subfield code="y">TH</subfield>
  </datafield>
  <datafield tag="952" ind1=" " ind2=" ">
    <subfield code="2">ddc</subfield>
    <subfield code="7">0</subfield>
    <subfield code="a">CUCL</subfield>
    <subfield code="b">cl2u8</subfield>
    <subfield code="d">2024-02-11</subfield>
    <subfield code="o">Cai01.08.03.M.Sc.2021.Ma.A</subfield>
    <subfield code="p">01020110085237000</subfield>
    <subfield code="r">2023-09-22 00:00:00</subfield>
    <subfield code="t">85237.CD     </subfield>
    <subfield code="y">CD</subfield>
  </datafield>
</record>
